000 00982nam a2200289 i 4500
001 000017782
003 DO-SdBNP
005 20250626135948.0
007 ta
008 100331s1958 dr 000 0 spa d
040 _aDO-SdBNP
_bspa
_cBNPHU
_erda
041 _aspa
082 4 _a972.9373
_bO12b
_222
100 _aObjío F., Sigfrido
_eautor
_4aut.
_938667
245 1 0 _aBaní :
_bcosas antiguas /
_cSigfrido Objío F.
264 1 _aCiudad Trujillo, República Dominicana :
_bImpresora Dominicana,
_c1958.
300 _a98 páginas ;
_c23 cm.
336 _atexto
_btxt
_2rdacontent
337 _asin mediación
_bn
_2rdamedia
338 _avolumen
_bnc
_2rdacarrier
590 _aInventariado, 2025/BT
650 4 _aCiudades y pueblos
_zRepública Dominicana
_9784
651 4 _aBaní (República Dominicana)
_xHistoria local
_96339
651 4 _aBaní (República Dominicana)
_xVida social y costumbres
_98310
910 _aValidado. Control de calidad BNPHU
942 _2ddc
_cLBS1
999 _c17307
_d17307